[Event "European Senior Team Championship 2014"]
[Site "Sibenik"]
[Date "2014.04.05"]
[Round "5.6"]
[White "Kanko, Ilkka"]
[Black "Mollaoglu, Ergin"]
[Result "0-1"]
[WhiteElo "2188"]
[BlackElo "2354"]
[PlyCount "104"]
[EventDate "2014.04.01"]

1. d4 Nf6 2. c4 d6 3. Nf3 g6 4. Nc3 Bf5 5. g3 Ne4 6. Bd2 Bg7 7. Bg2 Nxd2 8.
Qxd2 Nc6 9. Rd1 O-O 10. d5 Na5 11. b3 c5 12. dxc6 Nxc6 13. Nd5 a6 14. O-O b5
15. Rc1 Rc8 16. cxb5 axb5 17. Nb4 Be4 18. Nxc6 Bxc6 19. Qb4 Qb6 20. a4 Qa6 21.
axb5 Qxb5 22. Rc4 Qxb4 23. Rxb4 Rb8 24. Rxb8 Rxb8 25. Rc1 Bxf3 26. Bxf3 Rxb3
27. Rc8+ Bf8 28. Rc2 Kg7 29. Kg2 f5 30. Bd5 Rb5 31. Ba2 Ra5 32. e3 g5 33. h3
Kf6 34. f3 h5 35. e4 fxe4 36. fxe4 Ke5 37. Rf2 Kd4 38. Bd5 Bg7 39. Bb7 Be5 40.
Rf3 g4 41. hxg4 hxg4 42. Rb3 Kc4 43. Re3 Bd4 44. Re2 Kd3 45. Kf1 Ra1+ 46. Re1
Ra2 47. Rb1 Rf2+ 48. Ke1 Rf3 49. Ba6+ Kxe4 50. Bb7+ d5 51. Rb5 e6 52. Bc8 Kd3
0-1

[Event "European Senior Team Championship 2014"]
[Site "Sibenik"]
[Date "2014.04.05"]
[Round "5.6"]
[White "Dogantug, Ahmet Ismail"]
[Black "Hurme, Harri"]
[Result "1/2-1/2"]
[WhiteElo "2149"]
[BlackElo "2150"]
[PlyCount "105"]
[EventDate "2014.04.01"]

1. e4 e5 2. Nf3 Nc6 3. Bb5 a6 4. Ba4 Nf6 5. Qe2 Be7 6. c3 b5 7. Bb3 O-O 8. O-O
d5 9. d3 Bb7 10. Bg5 d4 11. cxd4 Nxd4 12. Nxd4 Qxd4 13. Nc3 h6 14. Bh4 Rad8 15.
Rfd1 c6 16. Qc2 Qd7 17. Ne2 Nh5 18. Bxe7 Qxe7 19. Rac1 Rd6 20. Ng3 Nxg3 21.
hxg3 Rfd8 22. Qc5 Kf8 23. Kf1 Rxd3 24. Rxd3 Rxd3 25. Ke2 Qd6 26. Bd5 Qxc5 27.
Rxc5 Rd4 28. Bxc6 Bxc6 29. Rxc6 Rxe4+ 30. Kd3 Ra4 31. a3 Ke7 32. Rb6 Rd4+ 33.
Ke3 Rd6 34. Rb7+ Kf6 35. b3 g5 36. Ra7 h5 37. a4 bxa4 38. bxa4 Kg6 39. a5 f6
40. Ke4 Rc6 41. Ra8 g4 42. Ra7 f5+ 43. Ke3 Rf6 44. Re7 f4+ 45. Ke4 f3 46. gxf3
Rxf3 47. Re6+ Kf7 48. Rxe5 Rxf2 49. Rxh5 Kg6 50. Rc5 Rf3 51. Rc6+ Kg5 52. Rc5+
Kg6 53. Rc6+ 1/2-1/2

[Event "European Senior Team Championship 2014"]
[Site "Sibenik"]
[Date "2014.04.05"]
[Round "5.6"]
[White "Morant, Paul"]
[Black "Muratoglu, Salih"]
[Result "1-0"]
[WhiteElo "2149"]
[BlackElo "2020"]
[PlyCount "87"]
[EventDate "2014.04.01"]

1. e4 c6 2. d4 d5 3. Nd2 dxe4 4. Nxe4 Bf5 5. Ng3 Bg6 6. h4 h6 7. N1e2 Nf6 8.
Nf4 Bh7 9. c3 e6 10. Bd3 Bxd3 11. Qxd3 Bd6 12. Be3 Nbd7 13. O-O-O Qc7 14. Nfe2
O-O-O 15. Kb1 Ng4 16. Ne4 Be7 17. Bf4 Qb6 18. f3 Nde5 19. Qc2 Nc4 20. Qb3 Nge3
21. Rd3 f5 22. Nf2 Qxb3 23. axb3 Nxg2 24. bxc4 Nxh4 25. Be5 Rhg8 26. Nf4 Kd7
27. Nh5 g5 28. Nf6+ Bxf6 29. Bxf6 Rdf8 30. Be5 f4 31. c5 Rg6 32. Bd6 Rf7 33.
Ng4 Rf5 34. Ne5+ Rxe5 35. dxe5 Kc8 36. Be7 b6 37. cxb6 axb6 38. c4 Nf5 39. Rd8+
Kc7 40. Rhd1 c5 41. R1d7+ Kc6 42. Bd6 Rg7 43. Rxg7 Nxg7 44. Rc8+ 1-0

[Event "European Senior Team Championship 2014"]
[Site "Sibenik"]
[Date "2014.04.05"]
[Round "5.7"]
[White "Watzka, Horst"]
[Black "Opl, Klaus"]
[Result "1/2-1/2"]
[WhiteElo "2250"]
[BlackElo "2283"]
[PlyCount "24"]
[EventDate "2014.04.01"]

1. e4 e5 2. Nf3 Nc6 3. Bb5 a6 4. Ba4 Nf6 5. d3 d6 6. c3 Be7 7. O-O O-O 8. Nbd2
Bd7 9. Re1 Re8 10. Nf1 Bf8 11. Ng3 h6 12. d4 g6 1/2-1/2

[Event "European Senior Team Championship 2014"]
[Site "Sibenik"]
[Date "2014.04.05"]
[Round "5.7"]
[White "Titz, Heimo"]
[Black "Nickl, Klaus"]
[Result "1/2-1/2"]
[WhiteElo "2151"]
[BlackElo "2139"]
[PlyCount "38"]
[EventDate "2014.04.01"]

1. c4 Nf6 2. Nc3 g6 3. g3 Bg7 4. Bg2 O-O 5. Nf3 d6 6. d4 Nc6 7. d5 Na5 8. Nd2
c5 9. O-O a6 10. Rb1 Rb8 11. Qc2 b5 12. b3 bxc4 13. bxc4 Rxb1 14. Ncxb1 Bd7 15.
Bb2 Qc7 16. Nc3 Rb8 17. Rb1 Rb4 18. a3 Rb7 19. Nd1 Qb8 1/2-1/2

[Event "European Senior Team Championship 2014"]
[Site "Sibenik"]
[Date "2014.04.05"]
[Round "5.7"]
[White "Kratschmer, Heinz"]
[Black "Singer, Hans"]
[Result "1/2-1/2"]
[WhiteElo "2114"]
[BlackElo "2166"]
[PlyCount "25"]
[EventDate "2014.04.01"]

1. d4 Nf6 2. Nf3 b6 3. e3 Bb7 4. Bd3 e6 5. Nbd2 d5 6. Ne5 c5 7. c3 Be7 8. f4
Nbd7 9. Qf3 g6 10. O-O Qc7 11. g4 Rf8 12. Nxd7 Qxd7 13. a4 1/2-1/2

[Event "European Senior Team Championship 2014"]
[Site "Sibenik"]
[Date "2014.04.05"]
[Round "5.8"]
[White "Jones, Iolo C"]
[Black "Rooze, Jan"]
[Result "1/2-1/2"]
[WhiteElo "2185"]
[BlackElo "2348"]
[PlyCount "81"]
[EventDate "2014.04.01"]

1. d4 Nf6 2. Nf3 e6 3. g3 b5 4. Bg2 Bb7 5. O-O d5 6. Nbd2 Nbd7 7. c3 c5 8. a4
b4 9. cxb4 cxb4 10. Ne1 Be7 11. Nd3 a5 12. Nf3 O-O 13. Bf4 Rc8 14. Nde5 Nxe5
15. Nxe5 Nd7 16. Qd3 Nxe5 17. Bxe5 Rc4 18. Rfc1 Ba6 19. Qd2 b3 20. Rxc4 Bxc4
21. Bf4 Bb4 22. Qd1 Qb6 23. Bc1 Rc8 24. e3 Qc6 25. Bf3 Qa6 26. Bd2 Bxd2 27.
Qxd2 Bd3 28. Bd1 Bc4 29. Ra3 Rb8 30. Qc3 Qb6 31. Kg2 f6 32. Kg1 Kf7 33. Bh5+
Ke7 34. Bd1 Rb7 35. Kg2 Kd6 36. Kg1 Kd7 37. Qd2 Ke7 38. Qc3 Kd6 39. Kg2 Rb8 40.
Kg1 Kd7 41. Kg2 1/2-1/2

[Event "European Senior Team Championship 2014"]
[Site "Sibenik"]
[Date "2014.04.05"]
[Round "5.8"]
[White "Geenen, Marc"]
[Black "Van Kemenade, Rudy"]
[Result "1/2-1/2"]
[WhiteElo "2240"]
[BlackElo "2001"]
[PlyCount "88"]
[EventDate "2014.04.01"]

1. e4 e5 2. Nf3 Nf6 3. d4 Nxe4 4. Bd3 d5 5. Nxe5 Nd7 6. Nxd7 Bxd7 7. O-O Qh4 8.
c4 O-O-O 9. c5 g5 10. Nc3 Bg7 11. g3 Qh6 12. Nxe4 dxe4 13. Bxe4 f5 14. Bg2 f4
15. Qb3 Qa6 16. d5 Rhf8 17. Bd2 Bd4 18. Rac1 Bb5 19. Bc3 Bc4 20. Bxd4 Bxb3 21.
axb3 f3 22. Bh3+ Kb8 23. Be6 Qd3 24. Bg7 Rfe8 25. Rc3 Qg6 26. Be5 g4 27. Re3 a6
28. Bf4 Qh5 29. h4 gxh3 30. Kh2 Rf8 31. Be5 Qg6 32. d6 cxd6 33. Bxd6+ Ka7 34.
Bxf8 Rxf8 35. Bd5 Qh5 36. Rd1 Rf5 37. Red3 Qe8 38. Re3 Qb5 39. Bxf3 Rf7 40. Rc3
Rc7 41. Rdc1 Qd7 42. Rd1 Qb5 43. Rdc1 Qd7 44. Rd1 Qb5 1/2-1/2

[Event "European Senior Team Championship 2014"]
[Site "Sibenik"]
[Date "2014.04.05"]
[Round "5.8"]
[White "Thornton, John D"]
[Black "Bolzoni, Victor-Angel"]
[Result "0-1"]
[WhiteElo "2020"]
[BlackElo "2207"]
[PlyCount "56"]
[EventDate "2014.04.01"]

1. c4 g6 2. g3 Bg7 3. Bg2 c6 4. Nf3 Nf6 5. O-O O-O 6. d4 d5 7. Nc3 dxc4 8. Ne5
Ne8 9. Bf4 Nd6 10. a4 a5 11. e4 Ra6 12. Qe2 b5 13. Rfd1 b4 14. Nb1 Be6 15. d5
cxd5 16. exd5 Bf5 17. g4 Bxe5 18. Bxe5 Bd3 19. Qe3 Nd7 20. Bd4 Nf6 21. h3 Nde8
22. Bc5 Nxd5 23. Bxd5 Qxd5 24. Qxe7 Nd6 25. Bxd6 Rxd6 26. Nd2 Re6 27. Qh4 Bc2
28. Ne4 Bxd1 0-1

[Event "European Senior Team Championship 2014"]
[Site "Sibenik"]
[Date "2014.04.05"]
[Round "5.8"]
[White "Schrickx, Frank"]
[Black "Bevan, P.M."]
[Result "1/2-1/2"]
[WhiteElo "1889"]
[BlackElo "2086"]
[PlyCount "71"]
[EventDate "2014.04.01"]

1. e4 e6 2. d4 d5 3. e5 c5 4. c3 Nc6 5. Nf3 Bd7 6. b3 cxd4 7. cxd4 Qb6 8. Be2
Bb4+ 9. Kf1 a5 10. Be3 Nh6 11. a3 Be7 12. Nc3 Nf5 13. Na4 Nxe3+ 14. fxe3 Qa7
15. Nc3 O-O 16. g3 f6 17. exf6 Rxf6 18. Kg2 Qb6 19. Rf1 Rff8 20. a4 Bf6 21. Rc1
Rac8 22. h4 Ne7 23. Bd3 Qb4 24. Ne2 Rxc1 25. Nxc1 Nf5 26. Bxf5 exf5 27. Nd3 Qc3
28. Nc5 Bc8 29. Qd3 Qb4 30. Qc2 b6 31. Nd3 Qd6 32. Rc1 Ba6 33. Nfe5 g6 34. Qc6
Rd8 35. Qxd6 Rxd6 36. Kf2 1/2-1/2

[Event "European Senior Team Championship 2014"]
[Site "Sibenik"]
[Date "2014.04.05"]
[Round "5.9"]
[White "Stebbings, Anthony J"]
[Black "Wademark, Helge"]
[Result "1-0"]
[WhiteElo "2302"]
[BlackElo "2124"]
[PlyCount "55"]
[EventDate "2014.04.01"]

1. e4 e6 2. d4 d5 3. Nd2 c5 4. exd5 Qxd5 5. Ngf3 cxd4 6. Bc4 Qd6 7. O-O Nc6 8.
Nb3 Nf6 9. Nbxd4 a6 10. Nxc6 Qxc6 11. Ne5 Qc5 12. Qe2 Bd6 13. Bf4 O-O 14. Rad1
Ne8 15. Bb3 Qc7 16. Bg3 Kh8 17. Rxd6 Nxd6 18. Nc4 Qc6 19. Nxd6 Bd7 20. Rd1 b5
21. c3 Qb6 22. h3 Bc6 23. Qe5 Ra7 24. Rd4 Re7 25. Nf5 f6 26. Qd6 Ree8 27. Ne7
e5 28. Ng6+ 1-0

[Event "European Senior Team Championship 2014"]
[Site "Sibenik"]
[Date "2014.04.05"]
[Round "5.9"]
[White "Carlsson, Ingvar"]
[Black "Quinn, John M"]
[Result "0-1"]
[WhiteElo "2064"]
[BlackElo "2135"]
[PlyCount "74"]
[EventDate "2014.04.01"]

1. e4 c5 2. Nf3 e6 3. d3 Nc6 4. g3 g6 5. Bg2 Bg7 6. O-O Nge7 7. Nc3 O-O 8. Bg5
h6 9. Be3 b6 10. Qd2 Kh7 11. d4 d5 12. exd5 exd5 13. Rfd1 Bg4 14. Ne2 Nf5 15.
c3 cxd4 16. Bxd4 Ncxd4 17. Nfxd4 Nxd4 18. cxd4 Re8 19. f3 Be6 20. Rac1 Rc8 21.
Kf2 Qd7 22. Rxc8 Rxc8 23. Rc1 Rxc1 24. Qxc1 Qa4 25. Qc3 Qxa2 26. Nf4 Qa4 27.
Nxe6 fxe6 28. Ke3 Qd1 29. Bh3 Qg1+ 30. Kd3 Qd1+ 31. Ke3 Qg1+ 32. Kd3 Qf2 33.
Bxe6 Qxf3+ 34. Kd2 Qg2+ 35. Kd1 Qh1+ 36. Qe1 Qxh2 37. Bxd5 Qh5+ 0-1

[Event "European Senior Team Championship 2014"]
[Site "Sibenik"]
[Date "2014.04.05"]
[Round "5.9"]
[White "Scholes, James E"]
[Black "Gromark, Per-Olof"]
[Result "1-0"]
[WhiteElo "2103"]
[BlackElo "2046"]
[PlyCount "129"]
[EventDate "2014.04.01"]

1. c4 g6 2. Nc3 c5 3. e4 Nc6 4. g3 Bg7 5. Bg2 d6 6. h3 e6 7. Nge2 Nge7 8. d3
O-O 9. Be3 Nd4 10. O-O Nec6 11. Qd2 b6 12. Bh6 Bxh6 13. Qxh6 Bb7 14. Qd2 Qf6
15. f4 Nxe2+ 16. Nxe2 e5 17. f5 g5 18. g4 h6 19. Ng3 Nd4 20. Nh5 Qd8 21. Ng3 f6
22. Kf2 Kf7 23. Rh1 Rh8 24. Bf3 Qd7 25. b3 a6 26. Rab1 b5 27. h4 Bc6 28. Rh2
Rag8 29. Rbh1 Qd8 30. hxg5 hxg5 31. Ke3 b4 32. Rh7+ Rxh7 33. Rxh7+ Rg7 34. Rh6
Ke7 35. Bd1 Be8 36. Rh8 Qa5 37. Nh5 Rf7 38. a4 Qd8 39. Qh2 Kd7 40. Ng3 Qe7 41.
Qh6 Kc7 42. Nh5 Bd7 43. Qg6 Kb6 44. Qg8 Ka5 45. Qb8 Bc6 46. Rd8 Qc7 47. Qxc7+
Rxc7 48. Rxd6 Bxa4 49. bxa4 Rb7 50. Nxf6 b3 51. Bxb3 Rxb3 52. Kd2 Rb2+ 53. Ke1
Nf3+ 54. Kd1 Rd2+ 55. Kc1 Ra2 56. Nd5 Ne1 57. Kb1 Rd2 58. f6 Nxd3 59. f7 Rb2+
60. Ka1 Rf2 61. Rf6 Rd2 62. f8=Q Rd1+ 63. Ka2 Nc1+ 64. Kb2 Nd3+ 65. Kc2 1-0

[Event "European Senior Team Championship 2014"]
[Site "Sibenik"]
[Date "2014.04.05"]
[Round "5.9"]
[White "Ekelund, Kurt"]
[Black "Bowmer, Kevin"]
[Result "0-1"]
[WhiteElo "2040"]
[BlackElo "2083"]
[PlyCount "72"]
[EventDate "2014.04.01"]

1. e4 c5 2. d4 cxd4 3. c3 dxc3 4. Nxc3 Nc6 5. Nf3 d6 6. Bc4 a6 7. O-O Nf6 8. h3
e6 9. Qe2 b5 10. Bb3 Bd7 11. Rd1 Qb8 12. Bg5 Be7 13. Rd2 Ra7 14. Rad1 Bc8 15.
e5 dxe5 16. Ne4 Rd7 17. Bc2 Qc7 18. Bh4 Rxd2 19. Rxd2 Bb7 20. Nfg5 Nd4 21. Rxd4
exd4 22. Bg3 Qc6 23. Kh2 Nxe4 24. Bxe4 Qd7 25. Nxf7 Bxe4 26. Nxh8 Qd5 27. a4 d3
28. Qg4 d2 29. Qf4 Bd6 30. Qf7+ Kd8 31. Qg8+ Kc7 32. Qxg7+ Kc6 33. axb5+ axb5
34. Qc3+ Kb6 35. Qe3+ Ka6 36. Nf7 Bxg3+ 0-1

[Event "European Senior Team Championship 2014"]
[Site "Sibenik"]
[Date "2014.04.05"]
[Round "5.10"]
[White "Baumbach, Friedrich"]
[Black "Jamieson, Peter M"]
[Result "0-1"]
[WhiteElo "2231"]
[BlackElo "2251"]
[PlyCount "90"]
[EventDate "2014.04.01"]

1. d4 g6 2. c4 Bg7 3. Nc3 d6 4. e4 c6 5. Nf3 Nf6 6. Be2 O-O 7. O-O Qc7 8. Rb1
Nbd7 9. Be3 e5 10. b4 exd4 11. Nxd4 Re8 12. f3 a5 13. b5 Nc5 14. bxc6 bxc6 15.
Qd2 Ba6 16. Rfd1 Rad8 17. Nb3 Bc8 18. Bf4 Ne6 19. Be3 Nc5 20. Qc1 Nfd7 21. Bg5
Nxb3 22. Rxb3 Qa7+ 23. Kh1 Nc5 24. Qe3 f6 25. Bf4 Qe7 26. Ra3 f5 27. Bg5 Bf6
28. Bxf6 Qxf6 29. Rxa5 fxe4 30. fxe4 Qh4 31. Bf3 Be6 32. Qd4 Bg4 33. Ra7 Ne6
34. Qe3 Rf8 35. Rf1 Qg5 36. Nd1 Qc5 37. Qxc5 Nxc5 38. Ra3 Nxe4 39. Re3 Nd2 40.
Rfe1 Nxf3 41. gxf3 Bxf3+ 42. Kg1 Rf5 43. Re8+ Rxe8 44. Rxe8+ Kg7 45. Rd8 Bxd1
0-1

[Event "European Senior Team Championship 2014"]
[Site "Sibenik"]
[Date "2014.04.05"]
[Round "5.10"]
[White "Giulian, Philip M"]
[Black "Fleuch, Hans-Juergen"]
[Result "1-0"]
[WhiteElo "2193"]
[BlackElo "2064"]
[PlyCount "55"]
[EventDate "2014.04.01"]

1. d4 d5 2. c4 Nc6 3. Nf3 Bg4 4. Nc3 e6 5. cxd5 exd5 6. Bf4 Bd6 7. Bg3 Bxg3 8.
hxg3 Nf6 9. e3 O-O 10. a3 Ne7 11. Bd3 Bf5 12. Ne5 c6 13. Bxf5 Nxf5 14. g4 Ne7
15. g5 Nd7 16. Qh5 h6 17. gxh6 g6 18. Qg5 f6 19. h7+ Kh8 20. Nxg6+ Nxg6 21.
Qxg6 b5 22. Ne2 Qe7 23. Nf4 Qg7 24. Qf5 Qf7 25. Ng6+ Kg7 26. Nxf8 Rxf8 27.
h8=Q+ Rxh8 28. Qg4+ 1-0

[Event "European Senior Team Championship 2014"]
[Site "Sibenik"]
[Date "2014.04.05"]
[Round "5.10"]
[White "Franke, Roland"]
[Black "Robertson, Ian C"]
[Result "1/2-1/2"]
[WhiteElo "2012"]
[BlackElo "2161"]
[PlyCount "55"]
[EventDate "2014.04.01"]

1. b4 e5 2. Bb2 Bxb4 3. Bxe5 Nf6 4. Nf3 O-O 5. e3 d5 6. Be2 Bg4 7. O-O Nbd7 8.
Bb2 Re8 9. d4 Bxf3 10. Bxf3 Nb6 11. c3 Bd6 12. Nd2 Qd7 13. a4 Ne4 14. g3 Nxa4
15. Bxe4 Nxb2 16. Bxh7+ Kxh7 17. Qc2+ Kg8 18. Qxb2 c6 19. c4 dxc4 20. Nxc4 b6
21. Rfc1 Bc7 22. Ra6 b5 23. Na5 Bxa5 24. Rxa5 Rec8 25. Qa3 Rc7 26. Qc5 Rac8 27.
Rca1 Ra8 28. Rc1 1/2-1/2

[Event "European Senior Team Championship 2014"]
[Site "Sibenik"]
[Date "2014.04.05"]
[Round "5.10"]
[White "Scrimgour, Alan"]
[Black "Hollstein, Joachim"]
[Result "1-0"]
[WhiteElo "2016"]
[BlackElo "2087"]
[PlyCount "111"]
[EventDate "2014.04.01"]

1. e4 c6 2. d4 d5 3. exd5 cxd5 4. c4 Nf6 5. Nc3 Nc6 6. Bg5 Ne4 7. Nxe4 dxe4 8.
d5 Ne5 9. Qd4 f6 10. Qxe4 g6 11. Bd2 Bf5 12. Qd4 e6 13. Bc3 Qc7 14. Be2 Bc5 15.
Qh4 O-O 16. g4 Bd3 17. O-O-O g5 18. Bxe5 Qxe5 19. Qg3 Bxe2 20. Qxe5 fxe5 21.
Nxe2 Rxf2 22. Nc3 Bd4 23. dxe6 Re8 24. Ne4 Rf4 25. Nxg5 Rxg4 26. Nf3 Rxe6 27.
Nxd4 exd4 28. Rhg1 Reg6 29. Rxg4 Rxg4 30. Kc2 h5 31. h3 Rf4 32. Rd3 Kf7 33. b4
Ke6 34. Rg3 Kf5 35. Kd3 h4 36. Rg7 Rf3+ 37. Kxd4 Rxh3 38. Rxb7 Ra3 39. c5 Ke6
40. Rh7 h3 41. Kc4 a5 42. bxa5 Rxa5 43. Rxh3 Rxa2 44. Rd3 Rb2 45. c6 Rc2+ 46.
Kb5 Rb2+ 47. Kc5 Rc2+ 48. Kb6 Rb2+ 49. Kc7 Rc2 50. Rd1 Rc3 51. Re1+ Kf7 52. Kd7
Rd3+ 53. Kc8 Rc3 54. c7 Rc2 55. Re5 Rc1 56. Kb7 1-0

[Event "European Senior Team Championship 2014"]
[Site "Sibenik"]
[Date "2014.04.05"]
[Round "5.11"]
[White "Kauko, Pekka"]
[Black "Woeber, Friedrich"]
[Result "1/2-1/2"]
[WhiteElo "2013"]
[BlackElo "2178"]
[PlyCount "44"]
[EventDate "2014.04.01"]

1. d4 Nf6 2. c4 c5 3. e3 e6 4. Nf3 d5 5. Nc3 Nc6 6. Be2 a6 7. b3 cxd4 8. exd4
Bb4 9. Bd2 dxc4 10. bxc4 O-O 11. Qb3 Ba5 12. O-O Nxd4 13. Nxd4 Qxd4 14. Rad1
Qh4 15. Bf3 Bc7 16. g3 Qh3 17. Bg2 Qh5 18. Na4 Bd7 19. Nb6 Rab8 20. Nxd7 Nxd7
21. Bb4 Nc5 22. Qa3 b6 1/2-1/2

[Event "European Senior Team Championship 2014"]
[Site "Sibenik"]
[Date "2014.04.05"]
[Round "5.11"]
[White "Ernst, Michael"]
[Black "Alkkiomaki, Jyrki"]
[Result "1/2-1/2"]
[WhiteElo "2170"]
[BlackElo "1957"]
[PlyCount "96"]
[EventDate "2014.04.01"]

1. d4 d5 2. c4 e6 3. Nf3 c5 4. cxd5 exd5 5. Nc3 Nf6 6. Bg5 Nc6 7. Bxf6 gxf6 8.
g3 Be6 9. Bg2 Qb6 10. O-O cxd4 11. Na4 Qa6 12. Nxd4 Nxd4 13. Qxd4 Be7 14. Nc3
O-O 15. Bxd5 Rad8 16. Qe4 Rd7 17. Rfd1 Rfd8 18. Rd3 Kg7 19. Rad1 f5 20. Qf3 Bf6
21. Bxe6 Rxd3 22. Rxd3 Rxd3 23. Qxd3 Qxd3 24. exd3 fxe6 25. f4 Kf7 26. Kf2 Ke7
27. Ke3 Kd7 28. d4 Kc6 29. a4 a6 30. h3 h5 31. Kd3 b5 32. axb5+ axb5 33. b3 Bg7
34. Nd1 Kd5 35. Ne3+ Kc6 36. d5+ Kd6 37. Ke2 Bd4 38. dxe6 Kxe6 39. Kf3 Bb6 40.
Nc2 Bc5 41. g4 fxg4+ 42. hxg4 hxg4+ 43. Kxg4 Kd5 44. Kf3 b4 45. f5 Ke5 46. Ne3
Kd4 47. f6 Kc3 48. Ke4 Kxb3 1/2-1/2

[Event "European Senior Team Championship 2014"]
[Site "Sibenik"]
[Date "2014.04.05"]
[Round "5.11"]
[White "Rantanen, Veikko"]
[Black "Winiwarter, Felix"]
[Result "0-1"]
[WhiteElo "1927"]
[BlackElo "2136"]
[PlyCount "130"]
[EventDate "2014.04.01"]

1. e4 c5 2. Nf3 Nc6 3. d4 cxd4 4. Nxd4 Nf6 5. Nc3 e5 6. Ndb5 d6 7. Nd5 Nxd5 8.
exd5 Nb8 9. Be2 a6 10. Nc3 Be7 11. O-O f5 12. Kh1 O-O 13. f3 Nd7 14. Be3 Nf6
15. a4 Bd7 16. a5 Qe8 17. Nb1 Rc8 18. c4 f4 19. Bf2 Bf5 20. Nc3 Kh8 21. Bd3 Qg6
22. Bxf5 Qxf5 23. b3 Qd7 24. Qd3 Bd8 25. Rfe1 Re8 26. b4 Qc7 27. c5 Nd7 28. Ne4
Be7 29. Rec1 Nf6 30. h3 Qd7 31. Ng5 dxc5 32. Nf7+ Kg8 33. Nxe5 Qxd5 34. Qxd5+
Nxd5 35. bxc5 Bf6 36. Rab1 Rxe5 37. Rxb7 Ne7 38. c6 Rxa5 39. c7 Rb5 40. Ra7 Be5
41. g3 Nd5 42. gxf4 Rxc7 43. Rcxc7 Bxc7 44. Rxa6 Rb1+ 45. Kh2 Bxf4+ 46. Kg2 Bc7
47. Bd4 Rd1 48. Bc5 Nf4+ 49. Kf2 Nd3+ 50. Ke2 Nxc5 51. Rc6 Rd7 52. Rxc5 Kf7 53.
Rc6 Bf4 54. Rc4 g5 55. h4 h6 56. hxg5 hxg5 57. Kf1 Ke6 58. Kg2 Rd2+ 59. Kf1 Kd5
60. Rc8 Kd4 61. Re8 Kd3 62. Ke1 Rc2 63. Re7 Be3 64. Rd7+ Bd4 65. Kd1 Rg2 0-1

[Event "European Senior Team Championship 2014"]
[Site "Sibenik"]
[Date "2014.04.05"]
[Round "5.11"]
[White "Danner, Lambert"]
[Black "Ranki, Martti"]
[Result "0-1"]
[WhiteElo "2101"]
[BlackElo "1918"]
[PlyCount "112"]
[EventDate "2014.04.01"]

1. g3 g6 2. Bg2 Bg7 3. c4 Nf6 4. Nc3 c5 5. Nf3 Nc6 6. d4 cxd4 7. Nxd4 O-O 8.
O-O Qb6 9. Nc2 d6 10. b3 Bf5 11. e4 Bg4 12. Qd2 Ne5 13. Nd4 Bd7 14. Bb2 Rac8
15. Rab1 a6 16. Kh1 Rfd8 17. Nd5 Nxd5 18. exd5 Rf8 19. f4 Ng4 20. h3 Nf6 21.
Rbe1 Rce8 22. Rf3 Qd8 23. Rfe3 Nh5 24. Kh2 Bf6 25. R3e2 Ng7 26. g4 Qc8 27. Bf3
Bh4 28. Rg1 e6 29. Bh1 Bd8 30. Nf3 exd5 31. cxd5 Bb5 32. Rxe8 Nxe8 33. Rc1 Qb8
34. g5 Nc7 35. h4 Qc8 36. Kg3 Qf5 37. Rd1 Bd7 38. Bg2 f6 39. Nh2 Ne8 40. Qd3
Ng7 41. Qxf5 Nxf5+ 42. Kf2 Bb6+ 43. Ke1 Ne3 44. Bf3 Nxd1 45. Kxd1 fxg5 46. fxg5
Bg1 47. Bg4 Bxg4+ 48. Nxg4 Rf1+ 49. Ke2 Rf4 50. Nf6+ Kf7 51. Ba3 Bc5 52. Bxc5
dxc5 53. Nxh7 Rxh4 54. Nf6 Ke7 55. Kd3 Kd6 56. a3 b5 0-1

[Event "European Senior Team Championship 2014"]
[Site "Sibenik"]
[Date "2014.04.05"]
[Round "5.12"]
[White "Vinke, Dietmar"]
[Black "Huelsmann, Josef"]
[Result "1/2-1/2"]
[WhiteElo "2173"]
[BlackElo "2168"]
[PlyCount "23"]
[EventDate "2014.04.01"]

1. d4 e6 2. e4 d5 3. exd5 exd5 4. c3 Bd6 5. Bd3 Ne7 6. Ne2 O-O 7. O-O c6 8. Bf4
Bf5 9. Bxd6 Qxd6 10. Ng3 Bxd3 11. Qxd3 Nd7 12. Nd2 1/2-1/2

[Event "European Senior Team Championship 2014"]
[Site "Sibenik"]
[Date "2014.04.05"]
[Round "5.12"]
[White "Haselhorst, Helmut"]
[Black "Mottonen, Ari"]
[Result "1/2-1/2"]
[WhiteElo "2079"]
[BlackElo "1996"]
[PlyCount "55"]
[EventDate "2014.04.01"]

1. d4 Nf6 2. Nf3 e6 3. g3 d5 4. Bg2 c5 5. O-O Nc6 6. c4 dxc4 7. Ne5 Bd7 8. Na3
cxd4 9. Naxc4 Be7 10. Qb3 Qc8 11. Bf4 Nd5 12. Rac1 O-O 13. Rfd1 f6 14. Nxc6
bxc6 15. Rxd4 Qa6 16. Bd2 Rab8 17. Qd1 Be8 18. a3 Bf7 19. e4 c5 20. Rd3 Nb6 21.
Bf1 Qb7 22. Bg2 e5 23. Na5 Qa6 24. Be1 c4 25. Re3 Bc5 26. Nc6 Bxe3 27. Nxb8
Rxb8 28. fxe3 1/2-1/2

[Event "European Senior Team Championship 2014"]
[Site "Sibenik"]
[Date "2014.04.05"]
[Round "5.12"]
[White "Auvinen, Esa"]
[Black "Weisshaupt, Rainer"]
[Result "1/2-1/2"]
[WhiteElo "1988"]
[BlackElo "2154"]
[PlyCount "143"]
[EventDate "2014.04.01"]

1. e4 e5 2. Nf3 Nc6 3. Bb5 Bc5 4. O-O Nf6 5. Nc3 d6 6. d3 Bg4 7. Na4 Bb6 8.
Nxb6 axb6 9. Bg5 O-O 10. Bxc6 bxc6 11. Qe2 h6 12. Bh4 g5 13. Bg3 Nh5 14. h3 Bd7
15. Nh2 Ng7 16. Ng4 Kh7 17. Ne3 f5 18. exf5 Nxf5 19. Nxf5 Bxf5 20. a3 Qd7 21.
Rfe1 Rae8 22. Qd2 Qg7 23. Re3 h5 24. Rae1 c5 25. f3 Re6 26. R3e2 Rg6 27. Qe3
Qf7 28. Qd2 Qd7 29. Qe3 Qc6 30. Rf1 Qd7 31. Qd2 Rfg8 32. Qe3 Qa4 33. Qd2 Qd4+
34. Bf2 Qxb2 35. Qc1 Qxc1 36. Rxc1 Ra8 37. Ra1 Rgg8 38. Be3 Ra4 39. Bc1 g4 40.
fxg4 hxg4 41. hxg4 Bxg4 42. Rf2 Kg6 43. Bb2 Rf4 44. Rxf4 exf4 45. Re1 Rf8 46.
Re7 Rf7 47. Rxf7 Kxf7 48. Bc1 f3 49. gxf3 Bxf3 50. Kf2 Bd1 51. c3 Ke6 52. Bf4
c6 53. Be3 Kd7 54. Ke1 Bg4 55. Kd2 d5 56. d4 cxd4 57. Bxd4 Kc7 58. Kc2 Kb7 59.
Bf6 Be2 60. Kb3 Ka6 61. Be5 Kb5 62. Bc7 Bd1+ 63. Kb2 c5 64. Bd8 Ba4 65. Bc7 Kc6
66. Be5 Kd7 67. Kc1 b5 68. Bg7 Ke7 69. Kd2 Kf7 70. Bh6 Ke6 71. Bf4 Kf5 72. Bd6
1/2-1/2

[Event "European Senior Team Championship 2014"]
[Site "Sibenik"]
[Date "2014.04.05"]
[Round "5.12"]
[White "Kurka, Dieter"]
[Black "Laitinen, Martti"]
[Result "1-0"]
[WhiteElo "2028"]
[BlackElo "1770"]
[PlyCount "71"]
[EventDate "2014.04.01"]

1. d4 Nf6 2. c4 g6 3. Nc3 Bg7 4. g3 O-O 5. Bg2 d6 6. Nf3 Nbd7 7. d5 Nc5 8. O-O
e5 9. b4 Nce4 10. Bb2 Nxc3 11. Bxc3 Ne4 12. Bb2 f5 13. c5 Qe7 14. cxd6 cxd6 15.
Rc1 b6 16. Ne1 Nf6 17. Nd3 Ne8 18. b5 Bb7 19. Nb4 e4 20. Bxg7 Qxg7 21. f3 Qe5
22. fxe4 fxe4 23. Rxf8+ Kxf8 24. Qf1+ Kg7 25. Rd1 Nc7 26. Qf4 Qxf4 27. gxf4
Nxb5 28. Rc1 a5 29. Nc6 Re8 30. e3 Nc7 31. Nxa5 Re7 32. Nxb7 Nxd5 33. Nxd6 Nxe3
34. Bxe4 Ra7 35. Ne8+ Kh6 36. Rc3 1-0

[Event "European Senior Team Championship 2014"]
[Site "Sibenik"]
[Date "2014.04.05"]
[Round "5.13"]
[White "Roth, Peter"]
[Black "Just, Joachim"]
[Result "1-0"]
[WhiteElo "2176"]
[BlackElo "1982"]
[PlyCount "35"]
[EventDate "2014.04.01"]

1. e4 g6 2. d4 Bg7 3. Nc3 c6 4. Bc4 e6 5. Nf3 d5 6. Bb3 Ne7 7. h4 h5 8. Bg5 Qc7
9. Qd2 b6 10. O-O-O Ba6 11. Kb1 Bc4 12. Bxe7 Bxb3 13. Ba3 Bh6 14. Qe1 dxe4 15.
Nxe4 Bd5 16. Nd6+ Kd8 17. Qe5 Rh7 18. Qf6+ 1-0